Fundamentals of corparate accounting (Record no. 6328)

MARC details
000 -LEADER
fixed length control field 00502cam a2200205ua 4500
008 - FIXED-LENGTH DATA ELEMENTS--GENERAL INFORMATION
fixed length control field 141203n ii |||gr||||Z||||||eng
020 ## - INTERNATIONAL STANDARD BOOK NUMBER
International Standard Book Number 9789327228229
040 ## - CATALOGING SOURCE
Transcribing agency MAIN
041 ## - LANGUAGE CODE
-- eng
082 ## - DEWEY DECIMAL CLASSIFICATION NUMBER
Classification number 657
100 ## - MAIN ENTRY--PERSONAL NAME
Personal name Jain, S.P.,
Relator term
245 ## - TITLE STATEMENT
Title Fundamentals of corparate accounting
Statement of responsibility, etc. By S.P. Jain
250 ## - EDITION STATEMENT
Edition statement 2nd rev.
260 ## - PUBLICATION, DISTRIBUTION, ETC.
Place of publication, distribution, etc. New Delhi:
Name of publisher, distributor, etc. Kalyani,
Date of publication, distribution, etc. 2013.
300 ## - PHYSICAL DESCRIPTION
Extent 485p.
700 ## - ADDED ENTRY--PERSONAL NAME
Personal name Narang, K.L.,
Relator term
942 ## - ADDED ENTRY ELEMENTS (KOHA)
Koha item type Books
653 ## - INDEX TERM--UNCONTROLLED
Uncontrolled term Corporate accounting
Holdings
Withdrawn status Lost status Damaged status Not for loan Home library Current library Shelving location Date acquired Total Checkouts Full call number Barcode Date last seen Copy number Price effective from Koha item type Date last checked out
        Central Library, Naharkatiya College Central Library, Naharkatiya College General Stacks 19/09/2020   657 | JAI 21053 19/09/2020 2 19/09/2020 Books  
        Central Library, Naharkatiya College Central Library, Naharkatiya College General Stacks 19/09/2020 8 657 | JAI 21054 26/05/2023 1 19/09/2020 Books 06/05/2023

Naharkatiya College © 2020. All rights reserved.

Powered By